20 Most Populated States in the USA in 1875 - Statistics

General Stats
  • This quiz has been taken 1,359 times
  • The average score is 16 of 20
Answer Stats
Population Answer % Correct
4,734,607 New York
99%
1,364,062 Virginia
90%
3,906,360 Pennsylvania
89%
2,935,025 Ohio
87%
1,207,143 Texas
87%
1,359,600 Georgia
85%
2,810,258 Illinois
85%
1,621,052 Massachusetts
85%
1,236,197 North Carolina
84%
1,411,657 Michigan
80%
1,839,231 Indiana
77%
1,485,690 Kentucky
76%
1,019,182 New Jersey
75%
1,401,162 Tennessee
75%
859,353 Maryland
74%
1,130,429 Alabama
69%
989,537 Mississippi
65%
1,945,983 Missouri
63%
1,185,292 Wisconsin
57%
1,410,420 Iowa
51%
No matching quizzes found
Score Distribution
Percent of People with Each Score
Percentile by Number Answered
Your Score History
You have not taken this quiz